logo

Bir Sreshtho Munshi Abdur Rouf Library
Jhenaidah Cadet College

The Trap / (Record no. 3789)

MARC details
000 -LEADER
fixed length control field 00625nam a2200241 a 4500
001 - CONTROL NUMBER
JCCL Control Number 3789
003 - CONTROL NUMBER IDENTIFIER
JCCL marc code BD-JhCC
005 - DATE AND TIME OF LATEST TRANSACTION
control field 20200412134008.0
008 - FIXED-LENGTH DATA ELEMENTS--GENERAL INFORMATION
fixed length control field 171118s2008 bg |||| ||a| 000 0 ben d
020 ## - INTERNATIONAL STANDARD BOOK NUMBER
International Standard Book Number 9847011400500
035 ## - SYSTEM CONTROL NUMBER
system control number (BD-JhCC)3789
040 ## - CATALOGING SOURCE
Original cataloging agency BD-JhCC
Modifying agency BD-JhCC
041 ## - LANGUAGE CODE
Language code of Book ben
082 ## - DEWEY DECIMAL CLASSIFICATION NUMBER
Classification number 891.443
Author mark and Year HOQ 2008
100 ## - MAIN ENTRY--PERSONAL NAME
Personal name Hoque, Anisul
245 ## - TITLE STATEMENT
Title The Trap /
Statement of responsibility, etc Anisul Hoque; Inam Ahmed (Tra.)
260 ## - PUBLICATION, DISTRIBUTION, ETC. (IMPRINT)
Place of publication, distribution, etc ঢাকা :
Name of publisher, distributor, etc সময় প্রকাশন,
Date of publication, distribution, etc 2008
300 ## - PHYSICAL DESCRIPTION
Pagination 94 p. :
Dimensions 20 cm.
650 ## - SUBJECT ADDED ENTRY--TOPICAL TERM
Topical term or geographic name as entry element Bengali Novel
700 ## - ADDED ENTRY--PERSONAL NAME
Personal name Ahmed; Inam
942 ## - ADDED ENTRY ELEMENTS (KOHA)
Source of classification or shelving scheme Dewey Decimal Classification
Koha item type Books
Koha issues (borrowed), all copies 2
Holdings
Source of classification or shelving scheme Damaged status Not for loan Home library Current library Shelving location Date of accession Cost, normal purchase price Total Checkouts Full call number Barcode Date last seen Date checked out Copy number Koha item type
Dewey Decimal Classification     JCC Rouf Library JCC Rouf Library General Stacks 11/18/2017 150.00 1 891.443 HOQ 2008 5583 04/19/2020 04/11/2020 C-1 Books

JCC Library | Contacts | JCC Home

Last Update on 23 September 2017
Copyright @ 2017-2020 JCC Rouf Library
Rouf Library, Jhenidah Cadet College (JCC), Bangladesh